| 000 | 01009cab a2200265 4500 | ||
|---|---|---|---|
| 001 | ABS67390 | ||
| 008 | 040108n2003 000 0 eng u | ||
| 035 | _a(Sirsi) u124760 | ||
| 100 | _aGrenfall, W. | ||
| 245 | _aPerfect pricing | ||
| 260 | _c2003 | ||
| 490 |
_aEstates Gazette _v(0348) 29 November 2003, 122-123(2) |
||
| 520 | _aIn the style of a "Mainly for Students" feature, this article examines the difference between valuation accuracy and uncertainty as well as issues arising from the Carsberg report. Case law. | ||
| 590 | _aABS | ||
| 650 | _aCARSBERG RECOMMENDATIONS | ||
| 650 | _aMULDOON V MAYS OF LILLIPUT LTD | ||
| 650 | _aSINGER AND FRIEDLANDER LTD V JOHN D WOOD AND CO | ||
| 650 | _aVALUATION ACCURACY | ||
| 650 | _aUNCERTAINTY | ||
| 650 | _aVALUATION PROCESS | ||
| 650 | _aAXA EQUITY AND LAW HOME LOANS LTD V HIRANI WATSON | ||
| 650 | _aBIRMINGHAM MIDSHIRES BUILDING SOCIETY V RICHARD PAMPLIN AND CO | ||
| 690 | _aPROPERTY-PROPERTY APPRAISAL AND VALUATION | ||
| 942 | _n0 | ||
| 999 |
_c74046 _d74046 |
||